Сравнение теплот сорбции спиртов различного строения на капиллярной колонке с полиэтиленгликолем модифицированном ацетилацетонатом меди; Сорбционные и хроматографические процессы; Т. 5, № 6
| Parent link: | Сорбционные и хроматографические процессы Т. 5, № 6.— 2005.— [С. 824-827] |
|---|---|
| Hlavní autor: | |
| Korporativní autor: | |
| Další autoři: | |
| Shrnutí: | Заглавие с экрана Изучено разделение 16 спиртов различного строения при температурах 60-170оС на полиэтиленгликолевой фазе ПЭГ 20М, содержащей ацетилацетонат меди, методом капиллярной газовой хроматографии. Рассчитаны термодинамические параметры сорбции и проведено сравнение с исходным ПЭГ 20М. Режим доступа: по договору с организацией-держателем ресурса |
| Jazyk: | ruština |
| Vydáno: |
2005
|
| Témata: | |
| On-line přístup: | https://www.elibrary.ru/item.asp?id=17014155 |
| Médium: | MixedMaterials Elektronický zdroj Kapitola |
| KOHA link: | https://koha.lib.tpu.ru/cgi-bin/koha/opac-detail.pl?biblionumber=662232 |
MARC
| LEADER | 00000naa0a2200000 4500 | ||
|---|---|---|---|
| 001 | 662232 | ||
| 005 | 20250624172101.0 | ||
| 035 | |a (RuTPU)RU\TPU\network\33369 | ||
| 035 | |a RU\TPU\network\21816 | ||
| 090 | |a 662232 | ||
| 100 | |a 20200611d2005 k||y0rusy50 ca | ||
| 101 | 0 | |a rus | |
| 102 | |a RU | ||
| 135 | |a drcn ---uucaa | ||
| 181 | 0 | |a i | |
| 182 | 0 | |a b | |
| 200 | 1 | |a Сравнение теплот сорбции спиртов различного строения на капиллярной колонке с полиэтиленгликолем модифицированном ацетилацетонатом меди |f М. А. Гавриленко, А. С. Боев | |
| 203 | |a Текст |c электронный | ||
| 300 | |a Заглавие с экрана | ||
| 320 | |a [Библиогр.: 15 назв.] | ||
| 330 | |a Изучено разделение 16 спиртов различного строения при температурах 60-170оС на полиэтиленгликолевой фазе ПЭГ 20М, содержащей ацетилацетонат меди, методом капиллярной газовой хроматографии. Рассчитаны термодинамические параметры сорбции и проведено сравнение с исходным ПЭГ 20М. | ||
| 333 | |a Режим доступа: по договору с организацией-держателем ресурса | ||
| 461 | |t Сорбционные и хроматографические процессы | ||
| 463 | |t Т. 5, № 6 |v [С. 824-827] |d 2005 | ||
| 610 | 1 | |a труды учёных ТПУ | |
| 610 | 1 | |a электронный ресурс | |
| 700 | 1 | |a Гавриленко |b М. А. |c химик |c доцент Томского политехнического университета, кандидат химических наук |f 1971- |g Михаил Алексеевич |3 (RuTPU)RU\TPU\pers\30734 |9 15005 | |
| 701 | 1 | |a Боев |b А. С. |c химик |c директор Инженерной школы природных ресурсов Томского политехнического университета, кандидат химических наук |f 1981- |g Артем Сергеевич |3 (RuTPU)RU\TPU\pers\38998 |9 20921 | |
| 712 | 0 | 2 | |a Томский политехнический университет |c (1991-2009) |9 23382 |
| 801 | 2 | |a RU |b 63413507 |c 20200611 |g RCR | |
| 850 | |a 63413507 | ||
| 856 | 4 | 0 | |u https://www.elibrary.ru/item.asp?id=17014155 |
| 942 | |c CF | ||